[Event "Hradec Kralove Region-chT 2223"]
[Site "Czech Republic"]
[Date "2023.03.19"]
[Round "10.4"]
[White "Kykal, Vojtech"]
[Black "Kacirek, Pavel"]
[Result "1-0"]
[WhiteElo "2028"]
[BlackElo "1959"]
[PlyCount "59"]
[EventDate "2022.10.09"]
[EventType "team-tourn"]
[EventRounds "11"]
[EventCountry "CZE"]
[SourceTitle "EXT 2024"]
[Source "ChessBase"]
[SourceDate "2023.10.10"]
[SourceVersion "1"]
[SourceVersionDate "2023.10.10"]
[SourceQuality "1"]

1. d4 d5 2. c4 e6 3. Nc3 f5 4. Nf3 Nf6 5. Bf4 c6 6. e3 Be7 7. Be2 0-0 8. 0-0 Ne4 9. a3 Bd7 10. Qb3 Qb6 11. Qc2 Be8 12. b4 Qd8 13. Nxe4 fxe4 14. Nd2 Bg5 15. Bg3 Nd7 16. Nb3 Qc8 17. Rfc1 Bg6 18. cxd5 exd5 19. b5 Nb8 20. Na5 Bd8 21. Nxb7 Qxb7 22. bxc6 Qc8 23. c7 Nd7 24. cxd8Q Qxd8 25. Qc6 Bf7 26. Ba6 Qf6 27. Bb7 Qxc6 28. Bxc6 Nb6 29. Bxa8 Rxa8 30. Rc7 1-0

[Event "CZE-chT2D 2223"]
[Site "Czech Republic"]
[Date "2023.02.19"]
[Round "9.8"]
[White "Vlcek, Vojtech"]
[Black "Kacirek, Pavel"]
[Result "0-1"]
[WhiteElo "1662"]
[BlackElo "1921"]
[PlyCount "76"]
[EventDate "2022.10.16"]
[EventType "team-tourn"]
[EventRounds "11"]
[EventCountry "CZE"]
[SourceTitle "EXT 2024"]
[Source "ChessBase"]
[SourceDate "2023.10.10"]
[SourceVersion "1"]
[SourceVersionDate "2023.10.10"]
[SourceQuality "1"]
[WhiteTeam "Hradec Kralove Lipky"]
[BlackTeam "Rychnov nad Kneznou Panda"]
[WhiteTeamCountry "CZE"]
[BlackTeamCountry "CZE"]

1. d4 b6 2. c4 Bb7 3. Nc3 e6 4. Nf3 d6 5. a3 Nf6 6. e3 g6 7. b3 Bg7 8. Bb2 Nbd7 9. Bd3 0-0 10. 0-0 Re8 11. Qc2 a6 12. e4 c5 13. d5 e5 14. a4 a5 15. Nb5 Nf8 16. Rae1 Nh5 17. Bc1 Ba6 18. Nc3 Qe7 19. h3 h6 20. Nh2 g5 21. Ne2 Bc8 22. Kh1 Ng6 23. Ng1 Nhf4 24. Be2 Nxe2 25. Qxe2 Rf8 26. g3 Kh7 27. Kg2 f5 28. f3 Bd7 29. Qc2 h5 30. Ne2 Rf7 31. Rf2 Raf8 32. Ref1 f4 33. Rg1 Bh6 34. g4 Nh4+ 35. Kf1 Rh8 36. Ke1 Kg8 37. Rh1 Rfh7 38. Rg1 Bg7 0-1

[Event "Hradec Kralove Region-chT 2223"]
[Site "Czech Republic"]
[Date "2022.10.30"]
[Round "2.4"]
[White "Kacirek, Pavel"]
[Black "Jaeger, Ludek"]
[Result "1/2-1/2"]
[WhiteElo "1921"]
[BlackElo "2000"]
[PlyCount "38"]
[EventDate "2022.10.09"]
[EventType "team-tourn"]
[EventRounds "11"]
[EventCountry "CZE"]
[SourceTitle "EXT 2024"]
[Source "ChessBase"]
[SourceDate "2023.10.10"]
[SourceVersion "1"]
[SourceVersionDate "2023.10.10"]
[SourceQuality "1"]

1. d4 d5 2. Nf3 Nf6 3. e3 Bg4 4. Be2 e6 5. b3 Bd6 6. Bb2 Nbd7 7. Nbd2 0-0 8. 0-0 Qe7 9. Ne5 Bxe2 10. Qxe2 Ne8 11. c4 c6 12. f4 f6 13. Nxd7 Qxd7 14. e4 Nc7 15. e5 Be7 16. Rae1 f5 17. Qh5 Bb4 18. Re2 Qf7 19. Qxf7+ Kxf7 1/2-1/2

[Event "CZE-chT2D 2223"]
[Site "Czech Republic"]
[Date "2022.10.16"]
[Round "1.8"]
[White "Kacirek, Pavel"]
[Black "Marek, Petr"]
[Result "1-0"]
[WhiteElo "1921"]
[BlackElo "1824"]
[PlyCount "47"]
[EventDate "2022.10.16"]
[EventType "team-tourn"]
[EventRounds "11"]
[EventCountry "CZE"]
[SourceTitle "EXT 2024"]
[Source "ChessBase"]
[SourceDate "2023.10.10"]
[SourceVersion "1"]
[SourceVersionDate "2023.10.10"]
[SourceQuality "1"]
[WhiteTeam "Rychnov nad Kneznou Panda"]
[BlackTeam "Hradec Kralove Slavia"]
[WhiteTeamCountry "CZE"]
[BlackTeamCountry "CZE"]

1. d4 Nf6 2. Nf3 g6 3. e3 Bg7 4. Be2 d6 5. b3 0-0 6. 0-0 c5 7. Bb2 b6 8. c4 Bb7 9. Nc3 Nbd7 10. d5 Ne4 11. Qc2 Nxc3 12. Bxc3 Bxc3 13. Qxc3 e5 14. Nd2 Qe7 15. Rae1 Rae8 16. f4 f5 17. e4 fxe4 18. Nxe4 Rxf4 19. Rxf4 exf4 20. Bg4 Ne5 21. Be6+ Kf8 22. Nxd6 Qxd6 23. Rxe5 Bc8 24. Rf5+ 1-0

[Event "CZE-ch rapid U20"]
[Site "Ceska Trebova"]
[Date "2020.09.19"]
[Round "1"]
[White "Kacirek, Pavel"]
[Black "Gloser, David"]
[Result "0-1"]
[WhiteElo "1579"]
[BlackElo "2248"]
[PlyCount "99"]
[EventDate "2020.09.19"]
[EventType "swiss (rapid)"]
[EventRounds "9"]
[EventCountry "CZE"]
[SourceTitle "CBM 198 Extra"]
[Source "ChessBase"]
[SourceDate "2020.11.30"]
[SourceVersion "1"]
[SourceVersionDate "2020.11.30"]
[SourceQuality "1"]

1. d4 Nf6 2. Nf3 g6 3. b3 Bg7 4. Bb2 0-0 5. e3 b6 6. Be2 Bb7 7. 0-0 d6 8. c4 Nbd7 9. Nbd2 e6 10. Qc2 Qe7 11. Rad1 Rad8 12. e4 e5 13. d5 Nh5 14. Ne1 Nf4 15. Bf3 f5 16. Nd3 Nxd3 17. Qxd3 Kh8 18. Rfe1 f4 19. Bg4 h5 20. Bxd7 Rxd7 21. Qh3 Bc8 22. Qd3 g5 23. Kf1 Bh6 24. f3 g4 25. Ke2 Qh4 26. Rh1 Rg7 27. Rdg1 Rfg8 28. Kf1 Qf6 29. Qe2 h4 30. Ke1 h3 31. gxh3 g3 32. hxg3 fxg3 33. Rg2 Bf4 34. Nf1 Rh7 35. Ne3 Bxh3 36. Rgg1 Bxe3 37. Qxe3 g2 38. Rh2 Qg6 39. f4 Qg4 40. fxe5 Rf8 41. exd6+ Kg8 42. Kd2 Rf1 43. dxc7 Rxg1 44. Qxg1 Rxc7 45. Bd4 Rf7 46. Bf2 Rxf2+ 47. Qxf2 g1Q 48. Qxg1 Qxg1 49. Rxh3 Qg2+ 50. Kd1 0-1

[Event "Ricany op"]
[Site "Ricany"]
[Date "2020.08.25"]
[Round "5"]
[White "Bartos, Vaclav"]
[Black "Kacirek, Pavel"]
[Result "1-0"]
[WhiteElo "1976"]
[BlackElo "1778"]
[PlyCount "20"]
[EventDate "2020.08.22"]
[EventType "swiss"]
[EventRounds "9"]
[EventCountry "CZE"]
[SourceTitle "CBM 198 Extra"]
[Source "ChessBase"]
[SourceDate "2020.11.30"]
[SourceVersion "1"]
[SourceVersionDate "2020.11.30"]
[SourceQuality "1"]

1. d4 d5 2. c4 c6 3. cxd5 cxd5 4. Nc3 Bf5 5. Qb3 e6 6. Qxb7 Nd7 7. Bf4 Ngf6 8. e3 Be7 9. Bb5 0-0 10. Nf3 Nh5 1-0

[Event "Ricany op"]
[Site "Ricany"]
[Date "2020.08.23"]
[Round "2"]
[White "Kacirek, Pavel"]
[Black "Pejrimovska, Viola Ruby"]
[Result "1/2-1/2"]
[WhiteElo "1778"]
[BlackElo "1569"]
[PlyCount "84"]
[EventDate "2020.08.22"]
[EventType "swiss"]
[EventRounds "9"]
[EventCountry "CZE"]
[SourceTitle "CBM 198 Extra"]
[Source "ChessBase"]
[SourceDate "2020.11.30"]
[SourceVersion "1"]
[SourceVersionDate "2020.11.30"]
[SourceQuality "1"]

1. b3 Nf6 2. Bb2 g6 3. e3 Bg7 4. Nf3 0-0 5. Be2 d6 6. d4 b6 7. 0-0 Bb7 8. c4 Nbd7 9. Nc3 e5 10. dxe5 dxe5 11. Qc2 Qe7 12. Rad1 e4 13. Nd2 Ne5 14. Ndxe4 Nxe4 15. Nxe4 Nxc4 16. Bxg7 Kxg7 17. Qxc4 Bxe4 18. Rd4 Bb7 19. Rfd1 Rad8 20. Bg4 f5 21. Be2 c5 22. Rxd8 Rxd8 23. Qc3+ Kh6 24. Rd2 Qe4 25. f3 Qe7 26. Rxd8 Qxd8 27. Qe5 Qd2 28. Qf4+ g5 29. Qxf5 Qe1+ 30. Bf1 Qxe3+ 31. Kh1 Qe7 32. h3 Kg7 33. Bd3 Kh8 34. Bc4 h6 35. Be6 Qg7 36. Bc4 Qe7 37. Bd3 Bc6 38. Kg1 Bd7 39. Qd5 Qe3+ 40. Kh1 Qc1+ 41. Kh2 Qf4+ 42. Kg1 Qe3+ 1/2-1/2

[Event "Ceske Budejovice op-A"]
[Site "Ceske Budejovice"]
[Date "2020.07.09"]
[Round "9"]
[White "Kacirek, Pavel"]
[Black "Pors, Jaroslav"]
[Result "1/2-1/2"]
[WhiteElo "1716"]
[BlackElo "1918"]
[PlyCount "90"]
[EventDate "2020.07.01"]
[EventType "swiss"]
[EventRounds "9"]
[EventCountry "CZE"]
[SourceTitle "CBM 197 Extra"]
[Source "ChessBase"]
[SourceDate "2020.09.30"]
[SourceVersion "1"]
[SourceVersionDate "2020.09.30"]
[SourceQuality "1"]

1. d4 Nf6 2. Nf3 g6 3. e3 Bg7 4. Be2 0-0 5. 0-0 c5 6. Nbd2 d5 7. c4 cxd4 8. Nxd4 e5 9. N4f3 Nc6 10. cxd5 Nxd5 11. a3 Re8 12. Nb3 Bg4 13. h3 Bxf3 14. Bxf3 e4 15. Be2 Qg5 16. Nd4 Nxd4 17. exd4 Qf6 18. Bb5 Re7 19. Be3 Rd8 20. Qd2 Qb6 21. Bc4 Nxe3 22. fxe3 Bxd4 23. exd4 Rxd4 24. Bxf7+ Rxf7 25. Qe3 Rxf1+ 26. Rxf1 Rd6 27. Qxb6 Rxb6 28. Re1 Re6 29. Kf2 Kf7 30. Ke3 Kf6 31. Rf1+ Ke5 32. Rf4 Kd5 33. Rf7 Rb6 34. b4 Ra6 35. Rd7+ Kc6 36. b5+ Kxd7 37. bxa6 bxa6 38. Kxe4 Ke6 39. a4 a5 40. g3 Kf6 41. Kf4 g5+ 42. Ke4 Ke6 43. h4 Kf6 44. h5 h6 45. g4 Ke6 1/2-1/2

[Event "Ceske Budejovice op-A"]
[Site "Ceske Budejovice"]
[Date "2020.07.08"]
[Round "8"]
[White "Rusek, Walter"]
[Black "Kacirek, Pavel"]
[Result "1/2-1/2"]
[WhiteElo "1805"]
[BlackElo "1716"]
[PlyCount "35"]
[EventDate "2020.07.01"]
[EventType "swiss"]
[EventRounds "9"]
[EventCountry "CZE"]
[SourceTitle "CBM 197 Extra"]
[Source "ChessBase"]
[SourceDate "2020.09.30"]
[SourceVersion "1"]
[SourceVersionDate "2020.09.30"]
[SourceQuality "1"]

1. d4 d5 2. Nf3 c6 3. Bf4 e6 4. c3 f5 5. Nbd2 Nf6 6. e3 Be7 7. Ne5 Nbd7 8. Nd3 0-0 9. Nf3 Ne4 10. Nfe5 Nxe5 11. Bxe5 Bd7 12. Be2 c5 13. dxc5 Nxc5 14. Nxc5 Bxc5 15. 0-0 Qb6 16. Qd2 Bb5 17. Bxb5 Qxb5 18. Qc2 1/2-1/2

[Event "Ceske Budejovice op-A"]
[Site "Ceske Budejovice"]
[Date "2020.07.03"]
[Round "3"]
[White "Kacirek, Pavel"]
[Black "Paluska, Karol"]
[Result "1/2-1/2"]
[WhiteElo "1716"]
[BlackElo "1873"]
[PlyCount "119"]
[EventDate "2020.07.01"]
[EventType "swiss"]
[EventRounds "9"]
[EventCountry "CZE"]
[SourceTitle "CBM 197 Extra"]
[Source "ChessBase"]
[SourceDate "2020.09.30"]
[SourceVersion "1"]
[SourceVersionDate "2020.09.30"]
[SourceQuality "1"]

1. e4 c6 2. Nf3 d5 3. d3 Bg4 4. Be2 Bxf3 5. Bxf3 e5 6. exd5 cxd5 7. Nc3 Bb4 8. 0-0 Ne7 9. Bg5 f6 10. Bh5+ Ng6 11. Bd2 Bxc3 12. Bxc3 0-0 13. Qg4 Nf4 14. Bd2 Nxh5 15. Qxh5 Nc6 16. Qg4 Qe7 17. c3 f5 18. Qe2 f4 19. f3 Rf6 20. d4 Rh6 21. dxe5 Qh4 22. h3 Rg6 23. Kh1 Re8 24. Qf2 Qg5 25. Rae1 Rxe5 26. Rxe5 Nxe5 27. Re1 Nd3 28. Qe2 h6 29. Rg1 Ne5 30. Be1 Kf7 31. Bf2 b6 32. Bd4 Nc4 33. b3 Re6 34. Qd3 Ne3 35. Bxe3 Rxe3 36. Qa6 Qe7 37. Qb5 Qe6 38. Qa4 Rxf3 39. Qxa7+ Kf6 40. Kh2 Rf2 41. Qb8 g5 42. Kh1 Rxa2 43. c4 dxc4 44. bxc4 Re2 45. Rd1 Re1+ 46. Rxe1 Qxe1+ 47. Kh2 Qe6 48. Qd8+ Kg6 49. Qd3+ Kg7 50. Qd4+ Kf7 51. c5 bxc5 52. Qxc5 Kg6 53. Qc2+ Kh5 54. g4+ fxg3+ 55. Kxg3 Qe5+ 56. Kg2 Qd5+ 57. Kg3 Qd6+ 58. Kg2 Qd5+ 59. Kg3 Qe5+ 60. Kg2 1/2-1/2

[Event "Hradec Kralove op 10th"]
[Site "Hradec Kralove"]
[Date "2019.10.29"]
[Round "5"]
[White "Marinc, Damir"]
[Black "Kacirek, Pavel"]
[Result "1-0"]
[WhiteElo "1874"]
[BlackElo "1724"]
[PlyCount "95"]
[EventDate "2019.10.26"]
[EventType "swiss"]
[EventRounds "9"]
[EventCountry "CZE"]
[SourceTitle "CBM 193 Extra"]
[Source "ChessBase"]
[SourceDate "2020.01.31"]
[SourceVersion "1"]
[SourceVersionDate "2020.01.31"]
[SourceQuality "1"]

1. c4 e5 2. d4 exd4 3. Qxd4 Nc6 4. Qd1 Nf6 5. Nc3 Bb4 6. Bd2 0-0 7. a3 Be7 8. e4 d6 9. h3 Nd7 10. Nf3 Nde5 11. Be3 f5 12. exf5 Bxf5 13. Nd4 Nxd4 14. Qxd4 Bf6 15. Qd2 Be6 16. Nd5 c6 17. Nxf6+ Qxf6 18. Rc1 Qf7 19. Qc3 Nd7 20. Bd3 d5 21. Qc2 Nf6 22. 0-0 dxc4 23. Bxc4 Bxc4 24. Qxc4 Qxc4 25. Rxc4 Nd5 26. Bc5 Rfe8 27. Rg4 g6 28. Bd4 a6 29. h4 Kf7 30. f3 h5 31. Re4 Kg8 32. Rfe1 Kf7 33. Kf2 Rxe4 34. fxe4 Ne7 35. Ke3 Rf8 36. Rf1+ Ke8 37. Rxf8+ Kxf8 38. Kf4 Kf7 39. Ke5 Nc8 40. Bc5 b6 41. Be3 Ke7 42. Bg5+ Kf7 43. b3 a5 44. a4 b5 45. Bd8 bxa4 46. bxa4 Ke8 47. Bxa5 Kd7 48. Kf6 1-0